Statistics for Paladins

Click here to take the quiz!

General Stats

  • This quiz has been taken 8 times
  • The average score is 45 of 59

Answer Stats

HintAnswer% Correct
FlankBuck
100%
TankKhan
100%
FlankKoga
100%
DamageLian
100%
TankMakoa
100%
SupportMal'Damba
100%
TankRaum
100%
TankTerminus
100%
DamageVivian
100%
TankAtlas
83%
TankBarik
83%
DamageCassie
83%
DamageDrogoz
83%
FlankEvie
83%
TankFernando
83%
SupportFuria
83%
SupportGrohk
83%
SupportGrover
83%
TankInara
83%
SupportIo
83%
SupportJenos
83%
DamageKinessa
83%
SupportLillith
83%
TankNyx
83%
SupportRei
83%
TankRuckus
83%
SupportSeris
83%
FlankSkye
83%
DamageStrix
83%
TankTorvald
83%
DamageViktor
83%
TankYagorath
83%
FlankZhin
83%
FlankAndroxus
67%
TankAshe
67%
DamageBetty la Bomba
67%
DamageBomb King
67%
FlankCaspian
67%
SupportCorvus
67%
DamageDredge
67%
FlankLex
67%
FlankMaeve
67%
FlankMoji
67%
DamageOmen
67%
DamageSha Lin
67%
FlankTalus
67%
DamageTiberius
67%
DamageTyra
67%
FlankVatu
67%
FlankVII
67%
DamageWillo
67%
SupportYing
67%
TankAzaan
50%
DamageImani
50%
DamageOctavia
50%
SupportPip
50%
FlankVora
50%
FlankKasumi
33%
DamageSaati
33%

Score Distribution

Percentile by Number Answered

Percent of People with Each Score

Your Score History

You have not taken this quiz